|
|
|
|
| LEADER |
00974nam a22002297a 4500 |
| 001 |
4799 |
| 003 |
BD-DhAAL |
| 005 |
20150111154606.0 |
| 008 |
150111s1988 bg ||||| |||| 00| 0 ben d |
| 040 |
|
|
|a BD-DhAAL
|c BD-DhAAL
|
| 082 |
|
|
|2 22
|a 340.59
|
| 100 |
|
|
|a রহমান, গাজী শামছুর
|9 6154
|
| 245 |
|
|
|a ইসলামী আইন তত্ত্বের ভাষ্য \
|c গাজী শামছুর রহমান
|
| 246 |
|
|
|a Muslim jurisprudence বনাম ফিকহ
|
| 260 |
|
|
|a ঢাকা :
|b পল্লব পাবলিশার্স,
|c বাং ১৩৯৫
|
| 300 |
|
|
|a ও, ২১৬ পৃ. :
|c ২২ সে. মি.
|
| 541 |
|
|
|e 4799
|
| 650 |
|
|
|a Islamic law
|9 5596
|
| 852 |
|
|
|a Ayesha Abed Library
|
| 942 |
|
|
|2 ddc
|c BK
|
| 999 |
|
|
|c 33460
|d 33460
|
| 952 |
|
|
|0 0
|1 0
|2 ddc
|4 0
|6 340_590000000000000_RAH
|7 0
|9 44721
|a BRACUL
|b BRACUL
|c GEN
|d 2015-01-11
|g 100.00
|l 5
|m 46
|o 340.59 RAH
|p 3010004799
|r 2026-04-30
|s 2026-04-20
|t 1
|w 2015-01-11
|y BK
|